<?xml version="1.0" encoding="UTF-8"?>
<record
    xmlns:xsi="http://www.w3.org/2001/XMLSchema-instance"
    xsi:schemaLocation="http://www.loc.gov/MARC21/slim http://www.loc.gov/standards/marcxml/schema/MARC21slim.xsd"
    xmlns="http://www.loc.gov/MARC21/slim">

  <leader>01829cam a2200289 i 4500</leader>
  <controlfield tag="001">114126</controlfield>
  <controlfield tag="003">DR-UNIBE</controlfield>
  <controlfield tag="005">20251001152703.0</controlfield>
  <controlfield tag="008">191220s2020    vp       b    001 0 eng  </controlfield>
  <datafield tag="020" ind1=" " ind2=" ">
    <subfield code="a">9781845417659</subfield>
    <subfield code="q">(paperback)</subfield>
  </datafield>
  <datafield tag="040" ind1=" " ind2=" ">
    <subfield code="a">LBSOR/DLC</subfield>
    <subfield code="b">eng</subfield>
    <subfield code="c">DLC</subfield>
    <subfield code="e">rda</subfield>
    <subfield code="d">DLC</subfield>
    <subfield code="d">BIBLIOTECA UNIBE</subfield>
  </datafield>
  <datafield tag="041" ind1=" " ind2=" ">
    <subfield code="a">eng</subfield>
  </datafield>
  <datafield tag="082" ind1="0" ind2="0">
    <subfield code="a">338.4791 F335s</subfield>
    <subfield code="2">23</subfield>
  </datafield>
  <datafield tag="100" ind1="1" ind2=" ">
    <subfield code="a">Fennell, David A.,</subfield>
    <subfield code="d">1963-</subfield>
    <subfield code="e">autor</subfield>
    <subfield code="9">199510</subfield>
  </datafield>
  <datafield tag="245" ind1="1" ind2="0">
    <subfield code="a">Sustainable tourism :</subfield>
    <subfield code="b">principles, contexts and practices /</subfield>
    <subfield code="c">David A. Fennell, Chris Cooper</subfield>
  </datafield>
  <datafield tag="260" ind1=" " ind2=" ">
    <subfield code="a">Bristol ;</subfield>
    <subfield code="a">Blue Ridge Summit :</subfield>
    <subfield code="b">Channel View Publications,</subfield>
    <subfield code="c">2020</subfield>
  </datafield>
  <datafield tag="300" ind1=" " ind2=" ">
    <subfield code="a">xiv, 490 pages :</subfield>
    <subfield code="b">illustrations ;</subfield>
    <subfield code="c">25 cm.</subfield>
  </datafield>
  <datafield tag="490" ind1="0" ind2=" ">
    <subfield code="a">Aspects of tourism texts ;</subfield>
    <subfield code="v">6</subfield>
  </datafield>
  <datafield tag="504" ind1=" " ind2=" ">
    <subfield code="a">Incluye referencias bibliogr&#xE1;ficas e &#xED;ndice.</subfield>
  </datafield>
  <datafield tag="505" ind1="0" ind2=" ">
    <subfield code="a">Introduction to sustainability | 
  Introduction to the ecosphere | 
  Introduction to the no&#xF6;sphere | 
  Sustainable tourism in action | 
  The sustainable destination | 
  The tourism industry (1) | 
  The tourism industry (2) | 
  Key agencies and influencers of sustainable tourism | 
  Protected areas, ecotourism and sustainability | 
  Cross cutting issues impacting upon sustainable tourism | 
  Sustainable tourism futures |
Conclusion |
</subfield>
  </datafield>
  <datafield tag="520" ind1=" " ind2=" ">
    <subfield code="a">"This new textbook provides a comprehensive overview of sustainable tourism framed around the UN's sustainable development goals. It examines the origins and dimensions of sustainable tourism and offers a detailed account of sustainable initiatives and management across destinations, the tourism industry, public sector and leading agencies"--</subfield>
    <subfield code="c">Provided by publisher.</subfield>
  </datafield>
  <datafield tag="650" ind1=" " ind2="7">
    <subfield code="a">Turismo ecol&#xF3;gico</subfield>
    <subfield code="9">199511</subfield>
    <subfield code="2">lemb</subfield>
  </datafield>
  <datafield tag="650" ind1=" " ind2="7">
    <subfield code="a">Desarrollo sostenible</subfield>
    <subfield code="9">199512</subfield>
    <subfield code="2">lemb</subfield>
  </datafield>
  <datafield tag="653" ind1="0" ind2="0">
    <subfield code="a">Turismo sostenible</subfield>
  </datafield>
  <datafield tag="700" ind1="1" ind2=" ">
    <subfield code="a">Cooper, Chris,</subfield>
    <subfield code="d">1952-</subfield>
    <subfield code="e">autor</subfield>
    <subfield code="9">199513</subfield>
  </datafield>
  <datafield tag="942" ind1=" " ind2=" ">
    <subfield code="2">ddc</subfield>
    <subfield code="c">BK</subfield>
  </datafield>
  <datafield tag="999" ind1=" " ind2=" ">
    <subfield code="c">114126</subfield>
    <subfield code="d">114126</subfield>
  </datafield>
  <datafield tag="952" ind1=" " ind2=" ">
    <subfield code="0">0</subfield>
    <subfield code="1">0</subfield>
    <subfield code="2">ddc</subfield>
    <subfield code="7">0</subfield>
    <subfield code="8">GEN</subfield>
    <subfield code="a">Principal</subfield>
    <subfield code="b">Principal</subfield>
    <subfield code="c">NEW</subfield>
    <subfield code="d">2025-10-01</subfield>
    <subfield code="l">0</subfield>
    <subfield code="o">338.4791 F335s</subfield>
    <subfield code="p">251037</subfield>
    <subfield code="r">2025-10-01 15:27:32</subfield>
    <subfield code="t">Ej. 1</subfield>
    <subfield code="w">2025-10-01</subfield>
    <subfield code="y">BK</subfield>
  </datafield>
</record>
